VÝVIN PEĽU CEDRA ATLASKÉHO (CEDRUS ATLANTICA MANETTI) V PODMIENKACH ARBORÉTA MLYŇANY

Bibliographic Details
Main Author: Chira, Eugen (Author)
Format: Article
Language:Slovak

MARC

LEADER 00000nab a2200000 a 4500
001 vtls010701472
003 SK-MaSNL
005 20260304191012.0
008 250709s1979 xo |||||||||||||||||slo|
035 |a (urnnbn)urn:nbn:sk:snk:ar-0028ov 
035 |a (uuid)d309a9cd-0dc3-4665-beee-67cce973fe12 
035 |a urn:nbn:sk:snk-ab35fa 
040 |a SNKBUCL  |b slo  |c SNKBUCL  |e AACR2 
041 0 |a slo 
044 |a xo  |c SK 
100 1 |a Chira, Eugen  |4 aut  |9 306471 
245 1 0 |a VÝVIN PEĽU CEDRA ATLASKÉHO (CEDRUS ATLANTICA MANETTI) V PODMIENKACH ARBORÉTA MLYŇANY  |c Eugen Chira 
773 0 |t Folia dendrologica  |g Roč. 5, č. 1 (1979), s. 73-88 
850 |a Slovenská národná knižnica 
852 |a Slovenská národná knižnica 
954 |a odborná, vedecká literatúra pôvodná (slovenská)  |2 lita 
958 |a article1 
958 |a OND 
958 |a EUIPO 
999 |c 3052016  |d 3053946